000 01214nam a2200385 a 4500
001 60456
003 CO-BoRNBP
005 20260209215301.0
007 t
008 130730s2013 ck a gr 0001fdspa d
020 _a9789588812083
040 _aCO-BoBLA
_bspa
_dCO-BoBLA
_erda
_c000
041 _aspa
043 _as-ck---
082 0 4 _aCo863.6
_bG65m10
_219
084 _a0000000
100 1 _aGómez Echeverri, Fernando,
_d1974-
_967751
240 1 0 _aValle del Cauca-Bibliografía regional
245 1 0 _aMicrobio /
_cFernando Gómez Echeverri ; dibujos de Carlos Jacanamijoy.
250 _a1a. edición
264 _aBogotá :
_bLaguna Libros,
_c2013.
300 _a251 páginas :
_c20 cm.
336 _atext
_btxt
_2rdacontent
337 _aunmediated
_bn
_2rdamedia
338 _avolume
_bnc
_2rdacarrier
490 1 _aLaguna fantástica ;
_v7
650 7 _aInfidelidad
_vNovelas.
_2BLAAUTO
_967752
650 7 _aNovela amorosa.
_2BLAAUTO
_92079
650 7 _aNovela colombiana.
_2BLAAUTO
_91193
700 1 _aJacanamijoy Jacanamijoy, Carlos,
_d1965-
_eilustrador.
_967753
830 1 0 _aLaguna fantástica ;
_v7
_968728
942 _2ddc
_cBK
949 _ac
_bc
960 _aNormalizados-2025
999 _c60456
_d60456